000 00444nam a22001577a 4500
003 NUST - PNEC
005 20170116180914.0
008 150903b xxu||||| |||| 00| 0 eng d
020 _a0803106831
040 _cLIBRARY
082 _a620.11 AST
100 _97297
_aAmerican Society for Testing and Materials
245 _aAnnual book of ASTM standards, 1985.
600 _97302
_aAmerican Society for Testing and Materials
942 _2ddc
_cBK
999 _c65386
_d65386